00700nam a2200205Ia 4500003000900000008004100009020002200050040001600072080002000088100002900108245007400137260005000211300001000261650002000271650001700291650001400308942000700322999001700329952014800346IN-BaIIA211028s9999 xx 000 0 eng d a978-1-426-20281-0 cIIA Library a(036)521.1bNAT aSchneider, Howard935618 0aNational geographic backyard guide to the night skycHoward Schneider aWashingtonbNational Geographic Societyc2009 a287p. aAtmosphere9458 aSolar System aSun91200 cBK c18556d18556 00104070aBANbBANcGENd2013-03-26eANJ g1270.00l1o(036)521.1/ NATp19478r2022-05-28s2022-02-02v1270.00w2013-03-26yBKGRs. 1270.00